ROBBINS AND COTRAN PATHOLOGIC BASIS OF DISEASE (Record no. 11330)
[ view plain ]
| 000 -LEADER | |
|---|---|
| fixed length control field | 00342nam a22001457a 4500 |
| 003 - CONTROL NUMBER IDENTIFIER | |
| control field | SGT |
| 020 ## - INTERNATIONAL STANDARD BOOK NUMBER | |
| International Standard Book Number | 978-81-312--3902-5 |
| 082 ## - DEWEY DECIMAL CLASSIFICATION NUMBER | |
| Classification number | 616.07 |
| Item number | R16K |
| 100 ## - MAIN ENTRY--PERSONAL NAME | |
| Personal name | KUMAR, VINAY |
| 245 ## - TITLE STATEMENT | |
| Title | ROBBINS AND COTRAN PATHOLOGIC BASIS OF DISEASE |
| 260 ## - PUBLICATION, DISTRIBUTION, ETC. (IMPRINT) | |
| Place of publication, distribution, etc | NEW DELHI |
| Name of publisher, distributor, etc | ELSEVIER |
| Year of Publication | 2016 |
| 300 ## - PAGE DESCRIPTION | |
| No. of Pages | 1390 |
| 650 ## - SUBJECT ADDED ENTRY--TOPICAL TERM | |
| Topical term or geographic name as entry element | AYURVEDA |
| 942 ## - ADDED ENTRY ELEMENTS (KOHA) | |
| Source of classification or shelving scheme | Dewey Decimal Classification |
| Koha item type | Books |
| 942 ## - ADDED ENTRY ELEMENTS (KOHA) | |
| -- | 1 |
| Withdrawn status | Lost status | Source of classification or shelving scheme | Damaged status | Use restrictions | Not for loan | Collection code | Home library | Current library | Shelving location | Date acquired | Vendor Name | Cost, normal purchase price | Volume Information (Serial or Books or Non-Book Material) | SGTU | Bill Number | Total Checkouts | Full call number | Accession No. (Barcode) | Date last seen | Date last borrowed | Bill Date | Koha item type |
|---|---|---|---|---|---|---|---|---|---|---|---|---|---|---|---|---|---|---|---|---|---|---|
| Dewey Decimal Classification | Restricted Access | AYURVEDA | SGT FA-FP Library | SGT FA-FP Library | Reference Book | 27/03/2017 | AHUJA PUB | 2445.00 | 2 | SGTU | 7718 | 6 | 616.07 R16K | FA5614 | 05/03/2022 | 03/03/2022 | 11/02/2017 | Books | ||||
| Dewey Decimal Classification | AYURVEDA | SGT FA-FP Library | SGT FA-FP Library | Text Book | 27/03/2017 | AHUJA PUB | 2445.00 | 2 | SGTU | 7718 | 616.07 R16K | FA5615 | 27/03/2017 | 11/02/2017 | Books | |||||||
| Dewey Decimal Classification | AYURVEDA | SGT FA-FP Library | SGT FA-FP Library | Text Book | 27/03/2017 | AHUJA PUB | 2445.00 | 2 | SGTU | 7718 | 3 | 616.07 R16K | FA5616 | 27/06/2025 | 27/06/2025 | 11/02/2017 | Books | |||||
| Dewey Decimal Classification | AYURVEDA | SGT FA-FP Library | SGT FA-FP Library | Text Book | 27/03/2017 | AHUJA PUB | 2445.00 | 2 | SGTU | 7718 | 4 | 616.07 R16K | FA5617 | 06/04/2026 | 06/04/2026 | 11/02/2017 | Books | |||||
| Dewey Decimal Classification | AYURVEDA | SGT FA-FP Library | SGT FA-FP Library | Text Book | 27/03/2017 | AHUJA PUB | 2445.00 | 2 | SGTU | 7718 | 2 | 616.07 R16K | FA5618 | 30/01/2020 | 21/01/2020 | 11/02/2017 | Books |